000 01273cam a22002294a 4500
005 20250731113204.0
008 250528s ||||||||||||||||||||||||d
035 _a15880
020 _a130284173
040 _aGR-AtMCL
_bgre
_dGR-AtMCL
_eAACR2
245 1 _aXML / How to Program
260 _bPrentice Hall,
_c2001
300 _a952
520 _aThis book carefully explains XML-based systems development, including programming multi-tier, client/ server, database-oriented, Internet and World-Wide-Web-based applications. Includes CD-ROM. Preface, Introduction to the Internet and World Wide Web, Creating Markup with XML, Document Type Definition, Schemas, Simple API for XML (SAX), XML Path Language (XPath), X Link and XPointer and XI Include and X Base, Server-Side Java Programming, Accessibility, XHTML and X Forms, XML Technologies and Applications, Simple Object Access Protocol (SOAP) and Microsoft BizTalk, HTML Special Characters, HTML Colors, ASCII Character Set, Operator Precedence Charts, Number Systems, Career Resources, Bibliography, Index.
700 1 _aDeitel, Harvey M.,
_d1945-
_91838
700 1 _aDeitel, Paul J.
_91839
700 1 _aLin M. T.
_91901
700 1 _aNieto T.R
_91840
942 _cBK
999 _c1428
_d1428